Výskum spájkovateľnosti nehrdzavejúcej ocele a Cu

Enregistré dans:
Détails bibliographiques
Auteur principal: Kuchťáková, Denisa Magdaléna (Auteur)
Autres auteurs: Hodúlová, Erika (Directeur de thèse)
Format: Manuscrit Livre
Langue:slovaque
Publié: 2021
Sujets:
Accès en ligne:http://is.stuba.sk/zp/portal_zp.pl?podrobnosti=160450
Tags: Ajouter un tag
Pas de tags, Soyez le premier à ajouter un tag!

MARC

LEADER 00000ntm a22000003a 4500
001 stuzp83782
003 SK-STU
005 20210612212106.8
007 ta
008 150427s2015----xo-----f-mn---000-0-slo-d
040 |a STU  |b slo 
041 0 |a slo 
100 1 |a Kuchťáková, Denisa Magdaléna  |u 063000  |k Z4  |4 aut  |U MTF Materiálovotechnologická fakulta  |T MTF Ústav výrobných technológií  |X 85409  |U M3000  |Y 83  |7 85409 
242 0 1 |a Research of stainless steel to copper brazability  |y eng 
245 1 0 |a Výskum spájkovateľnosti nehrdzavejúcej ocele a Cu 
260 |c 2021 
650 4 |a tvrdé spájkovanie  |2 slo 
650 4 |a elektrónový lúč  |2 slo 
650 4 |a nehrdzavejúca oceľ  |2 slo 
650 4 |a brazing  |2 eng 
650 4 |a electron beam  |2 eng 
650 4 |a stainless steel  |2 eng 
700 1 |a Hodúlová, Erika  |u 063100  |k Z2  |4 ths  |U MTF Ústav výrobných technológií  |T MTF Katedra zvárania a spájania materiálov  |X 2765  |U M3100  |Y 162  |7 A000002765 
856 4 |u http://is.stuba.sk/zp/portal_zp.pl?podrobnosti=160450 
996 |c M* DP-14697  |l MMSKP  |s P  |a 0  |w stuzp83782_0001